| 000 | 01234nam a2200277 4500 | ||
|---|---|---|---|
| 999 |
_c13115 _d13115 |
||
| 003 | MIRAKIL | ||
| 005 | 20190409171245.0 | ||
| 008 | 190409b tu ||||| |||| 00| 0 tur d | ||
| 020 | _a9786053320944 | ||
| 040 |
_aTR-AnCHP _cTR-AnCHP |
||
| 041 | _atur | ||
| 082 |
_a956.101543 _bW64g 2014 |
||
| 100 | _aWolf, Klaus | ||
| 245 | 1 | 0 |
_aGelibolu 1915 : _bBirinci Dünya Harbi'nde Alman-Türk askeri ittifakı / _cKlaus Wolf ; çeviri: Eşref Bengi Özbilen. |
| 246 | _aBirinci Dünya Harbi'nde Alman-Türk askeri ittifakı | ||
| 260 |
_aİstanbul : _bTürkiye İş Bankası Kültür Yayınları, _c2014. |
||
| 300 |
_a679 s.: _bfotğ., hrt. (ktl.)., tbl. ; _c20 sm. |
||
| 490 | 0 |
_aTürkiye İş Bankası Kültür Yayınları ; _aÇanakkale Savaşı dizisi ; _vgenel yayın no: 2976. _v4. |
|
| 500 | _aÖzgün yapıt adı: Gallipoli 1915 : das deutsch-turkische Militaärbundnis im Ersten Weltkrieg | ||
| 504 | _aKaynakça ve dizin vardır. | ||
| 650 | 0 |
_95606 _aDünya savaşı, I _xİttifaklar _y1914-1918 _zTürkiye _zAlmanya |
|
| 650 | 0 |
_95121 _aÇanakkale savaşı _xTarih _y1915-1916 _zTürkiye |
|
| 700 |
_95607 _aÖzbilen, Eşref Bengi _eçev. |
||
| 740 | _aBirinci Dünya Harbi'nde Alman-Türk askeri ittifakı | ||
| 942 |
_2ddc _cBKS |
||